| 000 | 00697nam a22002175a 4500 | ||
|---|---|---|---|
| 008 | 161122b xxu||||fr|||| 001 0 eng d | ||
| 020 | _a9781482259681 | ||
| 040 |
_aEG-ScBUE _beng _cEG-ScBUE |
||
| 082 | 0 | 4 |
_222 _a658.57 _bMAJ |
| 100 | 1 | _aMajerus, Norbert | |
| 245 | 1 | 0 |
_aLean driven innovation : _bpowering product development at the Goodyear Tire & Rubber Company / _cNorbert Majerus |
| 260 |
_aBoca Raton : _bCRC Press, _c2016. |
||
| 300 |
_axxx, 463 p. ; _c25 cm. |
||
| 500 | _aIndex : p. 443-463. | ||
| 590 | _aSuzan Ashmawy | ||
| 650 | 7 |
_2BUEsh _aOperations research. |
|
| 650 | 7 |
_2BUEsh _aLean manufacturing _935776 |
|
| 651 | _2BUEsh | ||
| 653 |
_bENGCHE _cNovember2016 |
||
| 942 | _2ddc | ||
| 999 |
_c23272 _d23244 |
||